| 000 | 00745nam a2200193Ia 4500 | ||
|---|---|---|---|
| 003 | GCL | ||
| 008 | 140319s9999 xx 000 0 ara d | ||
| 040 |
_aGCL / _cGCL |
||
| 082 | 0 | 4 |
_a327.09 _bع.خ |
| 100 | 1 | _aعبدالملك خلف التميمى | |
| 245 | 1 | 0 |
_aالخليج العربى والمغرب: دراسات فى التاريخ السياسى والاجتماعى والاقتصادى / _cعبدالملك خلف التميمى |
| 260 |
_a[S.N] : _bدار الشباب للنشر ، _c1986 |
||
| 300 | _a262 ص | ||
| 490 |
_aكيف نفهم الاطفال سلسلة دراسات سيكلوجية _v0 |
||
| 650 | 0 | 4 | _aالسياسة |
| 650 | 0 | 4 | _aالتاريخ |
| 650 | 0 | 4 | _aالتاريخ الاجتماعى |
| 942 |
_2ddc _cBK |
||
| 999 |
_c50970 _d50970 |
||